Poetyčnyj litopys čechoslovac'ko-ukrajins'koji družby. Marija Marčanova

Bibliographic Details
Main Author: Molnár, Michal, 1930-2006 (Author)
Format: Article
Language:Ukrainian
Subjects:

MARC

LEADER 00000nab a2200000 a 4500
001 vtls000057060
003 SK-MaSNL
005 20260303232242.0
008 150430c1979 xo 0 ukr
015 |a SNBRB19rr/mm-uuuuu 
035 |a CL0067157 
040 |a SNKBUCL  |b slo  |c SNKBUCL  |e AACR2 
041 0 |a ukr 
044 |a xo  |c SK 
080 |a 82:929:885.0  |2 1981 
080 |a 885.0  |2 1981 
080 |a 92 Marčanová, Marie  |2 1981 
080 |a 82.035  |2 1981 
080 |a 883(=85(  |2 1981 
080 |a 883.035(=85)  |2 1981 
100 1 |a Molnár, Michal,  |d 1930-2006  |4 aut  |9 107457 
245 1 0 |a Poetyčnyj litopys čechoslovac'ko-ukrajins'koji družby. Marija Marčanova  |c Mychajlo Mol'nar 
600 1 7 |a Marčanová, Marie  |2 snkbucl  |9 1268118 
650 0 7 |a ukrajinská literatúra  |2 snkbucl  |9 1218 
650 0 7 |a literárny preklad  |2 snkbucl  |9 28595 
655 7 |a články z novín a časopisov  |2 snkbucl  |9 267496 
655 7 |a články z odboru literárna veda a krásna literatúra  |2 snkbucl  |9 770045 
773 0 |t Družno vpered  |g Roč. 28, č. 10 (1979), s. 20-21 
850 |a Slovenská národná knižnica v Martine  |a MTA001 
852 |a SNK  |b KIS3GCP 
958 |a RK 
958 |a LX 
958 |a SK 
992 |a RBX 
999 |c 2270921  |d 2272851